00804nam a22002417a 4500003000500000005001700005008004100022010000900063011000900072035000900081040000900090100003200099245014000131260004000271300001900311500001200330502007700342650003600419650003700455650002600492650002700518650001700545CHAP20220329133109.0971013s1989 r 00010 d a2103 a3075 a2275 cCHAP00aParedes Moreno, Victoriano. aContribución del crédito FIRA para disminuir la descarga de excretas de cerdo al Río Lerma (un estudio en la Piedad, Michaocán) aChapingo, Méx. :bEl Autor,c1989 a57 h.b: ilus. aD44-135 aTesis (Ing. Agr. Esp. en Fitotecnia) -- UACH. Departamento de Fitotecnia14aAguaxContaminacionxMichoacan.14aCrédito ganaderoxMichoacán.14aEstiércol de cerdo.14aFinanzasxMichoacán.14aRío Lerma.